UBT Library

INTRODUCTION TO HEALTH CAREERS (Record no. 58360)

000 -LEADER
fixed length control field 00323nam a22001457a 4500
008 - FIXED-LENGTH DATA ELEMENTS--GENERAL INFORMATION
fixed length control field 221005b ||||| |||| 00| 0 eng d
020 ## - INTERNATIONAL STANDARD BOOK NUMBER
International Standard Book Number 9781111951320
041 ## - LANGUAGE CODE
Language code of text/sound track or separate title eng
080 ## - UNIVERSAL DECIMAL CLASSIFICATION NUMBER
Universal Decimal Classification number 61
082 ## - DEWEY DECIMAL CLASSIFICATION NUMBER
Classification number 61 HOP
100 ## - Rafti
Rafti 4
101 ## - Shkurtesa
Shkurtesa MJEK
245 ## - TITLE STATEMENT
Title INTRODUCTION TO HEALTH CAREERS
Statement of responsibility, etc HOPPER .C.H
942 ## - ADDED ENTRY ELEMENTS (KOHA)
Source of classification or shelving scheme
Item type Books
Holdings
Withdrawn status Lost status Source of classification or shelving scheme Damaged status Not for loan Collection code Permanent location Current location Date acquired Total Checkouts Full call number Barcode Date last seen Price effective from Koha item type
          Koleksioni i përgjithshem UBT - Lipjan UBT - Lipjan 10/05/2022   61 HOP 002-80002870088 10/05/2022 10/05/2022 Books
          Koleksioni i përgjithshem UBT - Lipjan UBT - Lipjan 11/07/2022   61 HOP 002-800028700260460 11/07/2022 11/07/2022 Books
          Koleksioni i përgjithshem UBT - Lipjan UBT - Lipjan 11/07/2022   61 HOP 002-800028700260461 11/07/2022 11/07/2022 Books
          Koleksioni i përgjithshem UBT - Lipjan UBT - Lipjan 11/23/2022   61 HOP 002-800028700260842 11/23/2022 11/23/2022 Books
UBT Library © 2015-2024. All rights reserved University Education for Business and Technology